Statistics for Guess what subjects the Dutch get on Highschool (every level)

Click here to take the quiz!

General Stats

  • This quiz has been taken 39 times
  • The average score is 16 of 37

Answer Stats

NumberSubject (literally translation)% Correct
1Nederlands (Dutch)
97%
36Wiskunde (Mathematics)
97%
4Frans (French)
91%
3Duits (German)
88%
2Engels (English)
88%
11Beginners Spaans (Spanish for beginners)
85%
10Biologie/Mens en Natuur (Biology)
85%
18Geschiedenis (History)
79%
26Lichamelijke opvoeding (P.E.)
70%
8Scheikunde (Chemistry)
67%
12Aadrijkskunde (Geography)
64%
7Natuurkunde (Physics)
64%
5Latijn (Latin)
55%
16Chinees (Chinese)
52%
6Grieks (Greek)
52%
21Oud-Grieks (Old Greek)
52%
29Muziek (Music)
48%
33Tekenen (Drawing)
45%
9Economie (Economy)
42%
13Algemene Natuurwetenschappen (General Science)
27%
31Natuur, Leven en Technologie (Nature, Live and Technology)
27%
17Filosofie (Philosophy)
24%
19Godsdienst (Religion)
24%
25Levensbeschouwing (Philosophy )
24%
15Bewegen, Sport en Maatschappij (Movement, Sports and Society)
21%
23Klassieke Culturele Vorming (Classical Cultural Formation)
18%
28Management en Organisatie (Management and Organization)
18%
27Maatschappijleer (Sociology)
15%
32Techniek (Technique)
15%
22Informatica (Information Technology)
12%
24Letterkunde/Literatuur (Literature)
9%
35Wereldbeeld en Taal (Worldview and Language)
9%
37Rekenen (Counting)
6%
34Verzorging (To Take Care of)
6%
14Beeldende Vorming (Visual Arts Education)
0%
20Handvaardigheid (Handicraft)
0%
30Natuurwetenschappen (Physical Sciences)
0%

Score Distribution

Percentile by Number Answered

Percent of People with Each Score

Your Score History

You have not taken this quiz